| 000 | 00585cam a22002173a 4500 | ||
|---|---|---|---|
| 001 | 45427 | ||
| 003 | PGUSA | ||
| 005 | 20140828084042.0 | ||
| 008 | 140417s2014||||xxu|||||s|||||000 | eng d | ||
| 040 |
_aPGUSA _beng |
||
| 042 | _adc | ||
| 100 | 1 | _aWallace, Robert | |
| 245 | 1 | 0 |
_aGeorge Buchanan _h[electronic resource] / _cRobert Wallace |
| 260 |
_bProject Gutenberg, _c2014 |
||
| 506 | _aPublic domain in the USA. | ||
| 516 | _aElectronic text | ||
| 700 | 1 | _aBrown, Joseph | |
| 830 | 0 |
_aProject Gutenberg _v45427 |
|
| 856 | 4 | 0 | _uhttp://www.gutenberg.org/ebooks/45427 |
| 942 | _cEB | ||
| 999 |
_c274678 _d274678 |
||